Socorro!: 12 cuentos para caerse de miedo

Guardat en:
Dades bibliogràfiques
Autor principal: Bornemann, Elsa (Autor)
Format: Llibre
Idioma:espanyol
Publicat: Santiago Aguilar Chilena 2003
Santiago Alfaguara 2003
Col·lecció:Infantil y Juvenil
Matèries:
Etiquetes: Afegir etiqueta
Sense etiquetes, Sigues el primer a etiquetar aquest registre!

MARC

LEADER 00000nam a2200000 a 4500
001 UCH9385
003 CL-VaPUC
008 100107e20030000CL |||||||||||||||||spa|d
020 |a 9562391779 
082 0 4 |a Ar863  |b BOR  |2 21 
100 |a Bornemann, Elsa  |e author  |9 545133 
245 1 0 |a Socorro!: 12 cuentos para caerse de miedo 
300 |a 160 p 
942 |c BK 
945 |d 20100107 00:00:00  |a rbrito 
260 |a Santiago  |b Aguilar Chilena  |c 2003 
260 |a Santiago  |b Alfaguara  |c 2003 
650 7 |a CUENTOS ARGENTINOS  |2 CL-VaPUC  |9 546442 
583 |a last modification  |c 20160623 09:06:56  |k Rodrigo Vera 
490 0 |a Infantil y Juvenil 
999 |c 339370  |d 339368